000171655 001__ 171655
000171655 005__ 20260527123126.0
000171655 0247_ $$2doi$$a10.1007/s11739-026-04359-1
000171655 0248_ $$2sideral$$a149389
000171655 037__ $$aART-2026-149389
000171655 041__ $$aeng
000171655 100__ $$aLópez Palmero, Serafín
000171655 245__ $$aDiagnostic accuracy and clinical impact of internist-performed point-of-care ultrasound in atrial fibrillation: a multicenter study
000171655 260__ $$c2026
000171655 5203_ $$aAtrial fibrillation (AF) is highly prevalent in internal medicine and often requires timely echocardiographic assessment. Limited availability of standard studies may delay management, particularly in acute or resource-limited settings. We conducted a multicenter, cross-sectional study across 35 Spanish hospitals, enrolling adults with new-onset or chronic AF without echocardiography in the previous 12 months, comparing internist-performed point-of-care ultrasound (POCUS) with blinded cardiologist-performed transthoracic or transesophageal echocardiography (TTE/TEE) as the reference standard. The primary outcome was diagnostic accuracy for structural abnormalities. Secondary outcomes included comparison with auscultation and the clinical impact of POCUS findings. Among 441 patients (mean age 80.4 ± 9.9 years; 51% women), POCUS showed good diagnostic accuracy for left ventricular (LV) dilation (sensitivity 83%, specificity 94%) and LV systolic dysfunction (sensitivity 81%, specificity 94%), and moderate accuracy for left atrial (LA) enlargement (sensitivity 91%, specificity 64%). Compared with auscultation, POCUS was significantly more accurate for detecting mitral and tricuspid disease. POCUS findings frequently prompted therapeutic adjustments, including anticoagulation in mitral stenosis, individualized rate-control strategies in LV dysfunction, diuretic titration in congestion, and referral for significant valvular disease. Pericardial effusion, though less common, strongly influenced management. Internist-performed POCUS demonstrated robust diagnostic performance in AF and directly informed bedside therapeutic decisions. Although it does not replace comprehensive echocardiography, particularly for detailed valvular assessment, it represents a valuable extension of the physical examination and may improve timely and equitable cardiac evaluation.
000171655 540__ $$9info:eu-repo/semantics/closedAccess$$aAll rights reserved$$uhttp://www.europeana.eu/rights/rr-f/
000171655 655_4 $$ainfo:eu-repo/semantics/article$$vinfo:eu-repo/semantics/publishedVersion
000171655 700__ $$aGarcía Torrecillas, Juan Manuel
000171655 700__ $$aLópez Martín, José María
000171655 700__ $$aRodilla Sala, Enrique
000171655 700__ $$aRodríguez Rodríguez, María Elena
000171655 700__ $$aGómez Huelgas, Ricardo
000171655 700__ $$aAlguacil Muñoz, Ana María
000171655 700__ $$aRuiz Ortega, Raúl Antonio
000171655 700__ $$aAteka Barrutia, Oier
000171655 700__ $$aMartínez, López Ginés
000171655 700__ $$aMarín Gámez, Nicasio
000171655 700__ $$aGarcía de Casasola Sánchez, Gonzalo
000171655 700__ $$aSalillas Hernando, Juan
000171655 700__ $$aMoreno Fernández, Alberto
000171655 700__ $$0(orcid)0000-0002-4769-7154$$aRubio Gracia, Jorge$$uUniversidad de Zaragoza
000171655 700__ $$aTorres Arrese, Marta
000171655 700__ $$aMachín Lázaro, José Manuel
000171655 700__ $$aBenavente Fernández, Alberto
000171655 700__ $$aCabrera García, Pablo
000171655 700__ $$aNadal Gómez, Paula
000171655 700__ $$aVázquez Suárez, Ana Beatriz
000171655 700__ $$aBriongos Figuero, Laisa Socorro
000171655 700__ $$aGarcía Rubio, Samuel
000171655 700__ $$aParrón Carreño, Tesifón
000171655 700__ $$aYale, Tung-Chen
000171655 7102_ $$11007$$2610$$aUniversidad de Zaragoza$$bDpto. Medicina, Psiqu. y Derm.$$cArea Medicina
000171655 773__ $$g(2026), [12 pp.]$$pInternal and Emergency Medicine$$tInternal and Emergency Medicine$$x1828-0447
000171655 8564_ $$s1329752$$uhttps://zaguan.unizar.es/record/171655/files/texto_completo.pdf$$yVersión publicada
000171655 8564_ $$s2432383$$uhttps://zaguan.unizar.es/record/171655/files/texto_completo.jpg?subformat=icon$$xicon$$yVersión publicada
000171655 909CO $$ooai:zaguan.unizar.es:171655$$particulos$$pdriver
000171655 951__ $$a2026-05-27-11:25:52
000171655 980__ $$aARTICLE